Normal view
MARC view
- Pettersson, Aline,
Entry Nombre Personal
001 - NUMERO DE CONTROL
- campo de control: 33902
003 - IDENTIFICADOR DE NUMERO DE CONTROL
- campo de control: UPN
005 - FECHA Y HORA DE LA ÜLTIMA TRANSACCIÓN
- campo de control: 20210219194447.0
008 - DATOS DE LONGITUD FIJA
- campo de control de longitud fija: nabaccnnaabn|||||||||| b |nc|||||d
035 ## - NUMERO DE CONTROL
- Número de control: UPN11000006009
040 ## - FUENTE DE CATALOGACIÓN
- Lenguaje de catalogación: SPA
- Agencia de transcripción: UPN
053 #4 - NÚMERO DE CLASIFICACIÓN LC
- Número de clasificación elemento-número único o número inicial de tramo: PQ7298.26 E8.7
100 1# - ENCABEZAMIENTO - NOMBRE PERSONAL
- Nombre personal: Pettersson, Aline,
- Fechas asociadas con el nombre: 1938-
670 ## - FUENTE EN LA QUE SE LOCALIZARON DATOS
- Cita de la fuente: T
- Uniform Resource Identifier: http://www.conaculta.gob.mx/detalle-nota/?id=4516
680 ## - NOTA PUBLICA DE ACCESO PÚBLICO
- Frase explicativa de la referencia: Aline Pettersson (Ciudad de México, 1938) es una notable escritora mexicana. Ganadora de varios premios internacionales, entre ellos el prestigiado “Gabriela Mistral” que concede la Editorial Côte-femmes de París y la Feria Internacional del Libro de Bogotá
902 ## - CATALOGADOR
- Catalogador: MCM/140813
